Statistics for NBA Teams Justin Holiday has played for

Click here to take the quiz!

General Stats

  • This quiz has been taken 2 times
  • The average score is 5 of 10

Answer Stats

Year(s)Team% Correct
2020-2022Indiana Pacers
100%
2016Atlanta Hawks
50%
2016, 2018-2019Chicago Bulls
50%
2015Golden State Warriors
50%
2019Memphis Grizzlies
50%
2017New York Knicks
50%
2013Philadelphia 76ers
50%
2022Sacramento Kings
50%
2023Atlanta Hawks
0%
2023Dallas Mavericks
0%

Score Distribution

Percentile by Number Answered

Percent of People with Each Score

Your Score History

You have not taken this quiz